|
|
|
|
| LEADER |
00000naa2a2200000 4500 |
| 001 |
238858 |
| 005 |
20231031205237.0 |
| 035 |
|
|
|a (RuTPU)RU\TPU\book\260068
|
| 035 |
|
|
|a RU\TPU\book\259949
|
| 090 |
|
|
|a 238858
|
| 100 |
|
|
|a 20130531d2011 k y0rusy50 ca
|
| 101 |
0 |
|
|a rus
|
| 102 |
|
|
|a RU
|
| 200 |
1 |
|
|a Концепции темпорального фактора в разрезе эволюции экомической теории
|f Е. А. Титенко
|
| 225 |
1 |
|
|a Проблемы теории и методологии экономической науки
|
| 320 |
|
|
|a Библиогр.: с. 388 (6 назв.)
|
| 463 |
|
0 |
|0 (RuTPU)RU\TPU\book\250468
|t Экономика России в XXI веке
|o сборник научных трудов VIII Всероссийской научно-практической конференции "Фундаментальные проблемы модернизации экономики России", г. Томск, 15-18 ноября 2011 г.
|f Национальный исследовательский Томский политехнический университет (ТПУ), Инженерно-экономический факультет ; под ред. Г. А. Барышевой, Л. М. Борисовой
|v С. 385-388
|d 2011
|p 420 с.
|
| 610 |
1 |
|
|a труды учёных ТПУ
|
| 610 |
1 |
|
|a темпоральные факторы
|
| 610 |
1 |
|
|a эволюция
|
| 610 |
1 |
|
|a экономические теории
|
| 610 |
1 |
|
|a концепции
|
| 610 |
1 |
|
|a фактор времени
|
| 610 |
1 |
|
|a наука
|
| 610 |
1 |
|
|a развитие
|
| 700 |
|
1 |
|a Титенко
|b Е. А.
|c экономист
|c аспирант, ассистент кафедры Томского политехнического университета
|f 1987-
|g Евгения Александровна
|2 stltpush
|3 (RuTPU)RU\TPU\pers\29677
|
| 801 |
|
1 |
|a RU
|b 63413507
|c 20121214
|
| 801 |
|
2 |
|a RU
|b 63413507
|c 20130531
|g RCR
|
| 942 |
|
|
|c BK
|